[Event "CUB School-chT"]
[Site "Santa Clara"]
[Date "2017.07.14"]
[Round "3.4"]
[White "Zamora Pena, Norbel"]
[Black "Figueredo Dominguez, Reinaldo R"]
[Result "1/2-1/2"]
[WhiteElo "1891"]
[BlackElo "1869"]
[PlyCount "101"]
[EventDate "2017.07.13"]
[EventType "team-swiss"]
[EventRounds "9"]
[EventCountry "CUB"]
[SourceTitle "EXT 2023"]
[Source "ChessBase"]
[SourceDate "2022.10.05"]
[SourceVersion "1"]
[SourceVersionDate "2022.10.05"]
[SourceQuality "1"]

1. e4 e6 2. d3 d5 3. Nd2 c5 4. g3 Nc6 5. Ngf3 Nf6 6. Bg2 g6 7. 0-0 Bg7 8. Re1 0-0 9. h3 Re8 10. Nh2 e5 11. Ng4 Nxg4 12. hxg4 Be6 13. exd5 Bxd5 14. Ne4 Bxe4 15. Bxe4 Qc7 16. Kg2 Nd4 17. c3 Ne6 18. Rh1 Rf8 19. Qg1 f5 20. gxf5 gxf5 21. Bd5 Qd7 22. c4 Rae8 23. Qh2 Bf6 24. Be3 Kh8 25. Kg1 f4 26. Bxe6 Rxe6 27. Bxc5 fxg3 28. Qxh7+ Qxh7 29. Rxh7+ Kxh7 30. Bxf8 gxf2+ 31. Kxf2 Kg8 32. Ba3 e4 33. Ke2 Kf7 34. Rf1 exd3+ 35. Kxd3 Ke8 36. b3 Kd7 37. Bc5 b6 38. Bd4 Bxd4 39. Kxd4 Rd6+ 40. Kc3 Kc6 41. Rf7 a5 42. a3 Rh6 43. Rf3 Rg6 44. Rh3 Kc5 45. b4+ axb4+ 46. axb4+ Kc6 47. b5+ Kc5 48. Rh5+ Kd6 49. Rh7 Ke5 50. Rd7 Re6 51. Rd1 1/2-1/2

[Event "Barreras Memorial op"]
[Site "Las Tunas"]
[Date "2017.04.11"]
[Round "1"]
[White "Zamora Pena, Norbel"]
[Black "Parra Hidalgo, Leydi Laura"]
[Result "1-0"]
[WhiteElo "1875"]
[BlackElo "1810"]
[PlyCount "53"]
[EventDate "2017.04.11"]
[EventType "swiss"]
[EventRounds "7"]
[EventCountry "CUB"]
[SourceTitle "EXT 2023"]
[Source "ChessBase"]
[SourceDate "2022.10.05"]
[SourceVersion "1"]
[SourceVersionDate "2022.10.05"]
[SourceQuality "1"]

1. e4 e5 2. Nc3 Nf6 3. Bc4 Nc6 4. d3 h6 5. Nf3 Bc5 6. a3 d6 7. Na4 Bb6 8. Nxb6 axb6 9. h3 0-0 10. 0-0 Ne7 11. Re1 Ng6 12. c3 Qe7 13. d4 Bd7 14. Nh2 Bc6 15. Ng4 Nxg4 16. Qxg4 exd4 17. Bxh6 gxh6 18. Qxg6+ Kh8 19. Qxh6+ Kg8 20. e5 dxe5 21. Qg6+ Kh8 22. Qh5+ Kg7 23. Rxe5 Qd8 24. Rg5+ Kf6 25. Re1 Rg8 26. Rf5+ Kg7 27. Rxf7# 1-0